000 004080000a22001690004500
003 LK-CoMWRAF
008 230817t ||||| |||| 00| 0 eng d
040 _aLK-CoMWRAF
_dLK-CoMWRAF
_eLK-CoMWRAF
041 _aeng
082 _a400
_bRAV
100 _aRaveendran.N
245 _aPin naveenathuvamum alakiyalum
_b
260 _aVavuniya
_bVKINV
_c1997
300 _ap.96
650 _aliterature
942 _cBK
999 _c2798
_d2798